| 000 | 00957nam a22002897a 4500 | ||
|---|---|---|---|
| 003 | EG-ScBUE | ||
| 005 | 20220531104905.0 | ||
| 008 | 140609s2001 enkeo f 000 0 eng d | ||
| 020 | _z960813613X | ||
| 020 | _a9789608136137 | ||
| 040 |
_aEG-ScBUE _beng _erda _cEG-ScBUE _dEG-ScBUE |
||
| 082 | 0 | 4 |
_222 _a428.24 _bMAC |
| 100 | 1 |
_aMackie, Gill, _eauthor. _935988 |
|
| 245 | 1 | 0 |
_aLink : _bintermediate, _pWorkbook / _cGill Mackie, Nicholas Stephens. |
| 246 | 3 | 0 | _aWorkbook |
| 264 | 1 |
_aOxford, England ; _aAthens, Greece : _bNew Editions, _c2001. |
|
| 300 |
_a80 pages : _bphotographs, plans ; _c29 cm |
||
| 336 |
_2rdacontent _atext _btxt |
||
| 337 |
_2rdamedia _aunmediated _bn |
||
| 338 |
_2rdacarrier _avolume _bnc |
||
| 650 | 7 |
_aEnglish language _vTextbooks for foreign speakers. _2BUEsh |
|
| 651 | _2BUEsh | ||
| 653 |
_cJune2014 _bHHUUEENN |
||
| 655 |
_vReading book _934232 |
||
| 700 | 1 |
_aStephens, Nicholas, _eauthor. _935989 |
|
| 942 |
_2ddc _k428.24 MAC _cBB |
||
| 999 |
_c18284 _d18256 |
||